| 000 | 00000nam 2200000zi 4500 |
| 001 | 9.948979 |
| 003 | CaOODSP |
| 005 | 20250516112158 |
| 006 | m o d f |
| 007 | cr mn||||||||| |
| 008 | 250310t20252025onca ob f000 0 eng d |
| 020 | |a9780660763323 |
| 040 | |aCaOODSP|beng|erda|cCaOODSP |
| 043 | |an-cn--- |
| 086 | 1 |aD69-101/2025E-PDF |
| 245 | 00|aIDEaS : |binnovation for defence excellence and security. |
| 264 | 1|a[Ottawa] : |bNational Defence = Défense nationale, |c[2025] |
| 264 | 4|c©2025 |
| 300 | |a1 online resource (1 unnumbered page) : |billustrations |
| 336 | |atext|btxt|2rdacontent |
| 337 | |acomputer|bc|2rdamedia |
| 338 | |aonline resource|bcr|2rdacarrier |
| 500 | |aCaption title. |
| 500 | |a"IDEaS program fact sheet." |
| 500 | |aIssued also in French under title: IDEeS innovation pour la défense, l'excellence et la sécurité. |
| 520 | |a"The Innovation for Defence Excellence and Security (IDEaS) program provides creative thinkers with the support and structure to solve some of Canada's toughest defence and security challanges. IDEaS offers funding to innovators of all sizes to help them design, develop, and advance solutions that address the challenges faced by the Department of National Defence (DND) and the Canadian Armed Forces (CAF)"--Page [1]. |
| 610 | 10|aCanada. |bDepartment of National Defence. |
| 650 | 0|aNational security|zCanada. |
| 710 | 1 |aCanada. |bDepartment of National Defence, |eissuing body. |
| 775 | 08|tIDEeS : |w(CaOODSP)9.948982 |
| 776 | 0#|tIDEaS program fact sheet.|w(CaOODSP)9.948980 |
| 856 | 40|qPDF|s706 KB|uhttps://publications.gc.ca/collections/collection_2025/mdn-dnd/D69-101-2025-eng.pdf |